Epigrafía Romana

Αποθηκεύτηκε σε:
Λεπτομέρειες βιβλιογραφικής εγγραφής
Κύριος συγγραφέας: Susini, Giancarlo C (Συγγραφέας)
Μορφή: Βιβλίο
Γλώσσα:Ιταλικά
Έκδοση: Roma Jouvence 1982
Σειρά:Guide Allo Studio Della Civilità Romana, X, 1
Θέματα:
Ετικέτες: Προσθήκη ετικέτας
Δεν υπάρχουν, Καταχωρήστε ετικέτα πρώτοι!

MARC

LEADER 00000nam a2200000 a 4500
001 UCP9446
003 CL-VaPUC
008 000324e19820000IT |||||||||||||||||ita|d
082 0 4 |a 411.7  |b SUS  |2 21 
100 0 |a Susini, Giancarlo C  |e author  |9 440027 
245 1 0 |a Epigrafía Romana 
300 |a 226 p 
942 |c BK 
945 |d 20000324 00:00:00  |a rherrera 
260 |a Roma  |b Jouvence  |c 1982 
650 7 |a EPIGRAFIA  |2 CL-VaPUC  |9 340320 
650 0 |a Escritura  |9 264941 
650 7 |a EPIGRAMAS  |2 CL-VaPUC  |9 433332 
650 7 |a ROMA  |2 CL-VaPUC  |9 317375 
583 |a last modification  |c 20000324 00:00:00  |k Rodrigo Vera 
490 0 |a Guide Allo Studio Della Civilità Romana, X, 1 
999 |c 286258  |d 286256 
952 |0 0  |1 0  |4 0  |6 411_700000000000000_SUS_1982  |7 0  |8 A  |9 331779  |a BIBHIS  |b BIBHIS  |d 2019-11-20  |i 1260065  |o 411.7 SUS 1982  |p 1260065  |r 2025-01-20  |w 2019-11-20  |y BK  |k HIS